Catalog

Record Details

Catalog Search



A devil is waiting : Sean Dillon   Cover Image Book Book

A devil is waiting : Sean Dillon / Jack Higgins.

Summary:

"A devil is indeed waiting. The President is coming to London, but not to an entirely warm welcome. A fanatical mullah is offering a blessing to anyone who will assassinate the President, and though most London Muslims think the mullah has crossed the line, a few think otherwise. Urgently, Sean Dillon, General Charles Ferguson, and the rest of the small band known as the "Prime Minister's private army" are called in, augmented by an extraordinary new recruit, an intelligence captain and Afghan war hero named Sara Gideon. She has her own deep contacts, but the more she investigates, the more she discovers herself in a very dark place indeed. For the assassination plan is only the beginning."-- Provided by publisher.

Record details

  • ISBN: 039915809X
  • ISBN: 9780399158094
  • ISBN: 9780007452217
  • ISBN: 0007452217
  • ISBN: 9781410444950
  • ISBN: 1410444953
  • Physical Description: 321 pages ; 24 cm.
  • Publisher: New York : G.P. Putnam's Sons, ©2012.
Subject: Dillon, Sean (Fictitious character) > Fiction.
Presidents > United States > Fiction.
Americans > England > Fiction.
Terrorism > Fiction.
London (England) > Fiction.
Genre: Thrillers (Fiction)
Suspense fiction.

Available copies

  • 1 of 1 copy available at scottsboropl.

Holds

  • 0 current holds with 1 total copy.
Show Only Available Copies
Location Call Number / Copy Notes Barcode Shelving Location Status Due Date
scottsboropl F Hig 32269000888472 Adult - Fiction Available -

LDR 02038cam a2200361 a 4500
001121363
003SBPL
00520221018155402.0
008120103s2012 nyu 000 1 eng
010 . ‡a 2011039496
020 . ‡a039915809X ‡q(hbk.)
020 . ‡a9780399158094 ‡q(hbk.)
020 . ‡a9780007452217
020 . ‡a0007452217
020 . ‡a9781410444950
020 . ‡a1410444953
035 . ‡a(CONS)121363
035 . ‡a(CPomAG)LMN441349
05000. ‡aPR6058.I343 ‡bD48 2012
08200. ‡a823/.914 ‡223
1001 . ‡aHiggins, Jack, ‡d1929-
24512. ‡aA devil is waiting : ‡bSean Dillon / ‡cJack Higgins.
260 . ‡aNew York : ‡bG.P. Putnam's Sons, ‡c©2012.
300 . ‡a321 pages ; ‡c24 cm.
336 . ‡atext ‡btxt ‡2rdacontent
337 . ‡aunmediated ‡bn ‡2rdamedia
338 . ‡avolume ‡bnc ‡2rdacarrier
4900 . ‡aSean Dillon ; ‡vBk 19
520 . ‡a"A devil is indeed waiting. The President is coming to London, but not to an entirely warm welcome. A fanatical mullah is offering a blessing to anyone who will assassinate the President, and though most London Muslims think the mullah has crossed the line, a few think otherwise. Urgently, Sean Dillon, General Charles Ferguson, and the rest of the small band known as the "Prime Minister's private army" are called in, augmented by an extraordinary new recruit, an intelligence captain and Afghan war hero named Sara Gideon. She has her own deep contacts, but the more she investigates, the more she discovers herself in a very dark place indeed. For the assassination plan is only the beginning."-- ‡cProvided by publisher.
60010. ‡aDillon, Sean ‡c(Fictitious character) ‡vFiction.
650 0. ‡aPresidents ‡zUnited States ‡vFiction.
650 0. ‡aAmericans ‡zEngland ‡vFiction.
650 0. ‡aTerrorism ‡vFiction.
651 0. ‡aLondon (England) ‡vFiction.
655 7. ‡aThrillers (Fiction) ‡2lcgft
655 7. ‡aSuspense fiction.
8301 . ‡aHiggins, Jack, ‡d1929- ‡tSean Dillon thriller ; ‡Bk v19.
901 . ‡a121363 ‡bUnknown ‡c121363 ‡tbiblio

Additional Resources